000 02109nam a22002297a 4500
005 20230314104112.0
008 230310b ||||| |||| 00| 0 eng d
020 _a9780691241784
040 _cAL
041 _aeng
082 _223
_a576.83
_bBENL
100 _aJeffrey Bennett
_975009
245 _aLife in the universe
250 _a5th ed.
260 _aNew Jersey
_bPrinceton University Press
_c2022
300 _axix,472p.
_bPB
_c27.5x21cm.
365 _2General
_a8204
_b₹6646.00
_c
_d₹8520.00
_e22%
_f3-03-2023
520 _aAre we alone in the cosmos? How are scientists seeking signs of life beyond our home planet? Could we colonize other planets, moons, or even other star systems? This introductory textbook, written by a team of four renowned science communicators, educators, and researchers, tells the amazing story of how modern science is seeking the answers to these and other fascinating questions. They are the questions that are at the heart of the highly interdisciplinary field of astrobiology, the study of life in the universe. Written in an accessible, conversational style for anyone intrigued by the possibilities of life in the solar system and beyond, Life in the Universe is an ideal place to start learning about the latest discoveries and unsolved mysteries in the field. From the most recent missions to Saturn’s moons and our neighboring planet Mars to revolutionary discoveries of thousands of exoplanets, from the puzzle of life’s beginning on Earth to the latest efforts in the search for intelligent life elsewhere, this book captures the imagination and enriches the reader’s understanding of how astronomers, planetary scientists, biologists, and other scientists make progress at the cutting edge of this dynamic field. Enriched with a wealth of engaging features, this textbook brings any citizen of the cosmos up to speed with the scientific quest to discover whether we are alone or part of a universe full of life
650 _2Life Sciences
_aBiology
_975010
700 _aShostak, Seth; Schneider; Macgregor, Meredith,
_975011
942 _2ddc
_cBK
999 _c226986
_d226986